000 nam a22 7a 4500
999 _c7175
_d7175
005 20190301060831.0
008 190301b xxu||||| |||| 00| 0 eng d
020 _a9781408855713
_bpaperback
040 _beng
_cAPEC Schools Library
_erda
082 _aFic
_bR884 2007
100 _aRowling, J.K.
245 _aHarry Potter : and the deathly hallows /
_cJ.K. Rowling
264 _aLondon :
_bBloomsbury Publishing,
_c©2007.
300 _a619 pages ;
_c20 cm.
336 _2rdacontent
_atext
337 _2rdamedia
_aunmediated
338 _2rdacarrier
_avolume
490 _aHarry Potter series.
_vbk. 7
942 _2ddc
_cBK